| 000 | 00606nam a2200193 a 4500 | ||
|---|---|---|---|
| 005 | 20210223131024.0 | ||
| 008 | 090619s2007 mx r 000 0 spa d | ||
| 020 | _a9687989157 | ||
| 035 | _aUPN01000171276 | ||
| 049 | _aI | ||
| 050 | 4 |
_aQB631 _bT5.2 |
|
| 100 | 1 |
_aTibo, Gilles, _d1951- _933299 |
|
| 245 | 1 | 0 |
_aDice simón : _blas estaciones / _ctexto e il. Gilles Tibo ; tr. Hugo Brown. |
| 260 |
_aMéxico : _bCELTA Amaquemecan, _c2007. |
||
| 300 |
_a[42] p. : _bprincipalmente il. col. |
||
| 534 |
_pTítulo original: _tSimon says : seasons |
||
| 650 | 4 |
_aESTACIONES DEL AÑO _911139 |
|
| 905 | _aInfantil | ||
| 999 |
_c143381 _d143381 |
||